A practical guide to facilities management (Record no. 115850)

MARC details
000 -LEADER
fixed length control field 00904cam a22002295a 4500
001 - CONTROL NUMBER
control field L159381
008 - FIXED-LENGTH DATA ELEMENTS--GENERAL INFORMATION
fixed length control field 170106s2013 xxk f 000 0 eng d
020 ## - INTERNATIONAL STANDARD BOOK NUMBER
International Standard Book Number 9781849950961
035 ## - SYSTEM CONTROL NUMBER
System control number (Sirsi) u159381
041 0# - LANGUAGE CODE
Language code of text/sound track or separate title eng
050 04 - LIBRARY OF CONGRESS CALL NUMBER
Classification number 658.2
100 1# - MAIN ENTRY--PERSONAL NAME
Personal name Barker, Ian
245 02 - TITLE STATEMENT
Title A practical guide to facilities management
250 ## - EDITION STATEMENT
Edition statement 1st ed
260 ## - PUBLICATION, DISTRIBUTION, ETC.
Place of publication, distribution, etc. Caithness
Name of publisher, distributor, etc. Whittles
Date of publication, distribution, etc. 2013
300 ## - PHYSICAL DESCRIPTION
Extent xvii,329.
Other physical details
Dimensions 24cm
520 ## - SUMMARY, ETC.
Summary, etc. Provides an introduction to the principles and practice of facilities management. Topics covered include facility planning, strategy, human resources, workplace productivity, health and safety, security, outsourcing, procurement, service delivery, building performance management, building maintenance, sustainability issues, waste and fleet management.
590 ## - LOCAL NOTE (RLIN)
Local note KA
651 #4 - SUBJECT ADDED ENTRY--GEOGRAPHIC NAME
Geographic name United Kingdom
Chronological subdivision
690 ## - LOCAL SUBJECT ADDED ENTRY--TOPICAL TERM (OCLC, RLIN)
Topical term or geographic name as entry element Facilities management
9 (RLIN) 6240
942 ## - ADDED ENTRY ELEMENTS (KOHA)
Suppress in OPAC 0
Holdings
Withdrawn status Lost status Source of classification or shelving scheme Damaged status Not for loan Home library Current library Shelving location Date acquired Total Checkouts Full call number Barcode Date last seen Copy number Price effective from Koha item type
    Dewey Decimal Classification     London London Books 06/01/2017   658.2 BAR 30079052 06/08/2019 1 06/08/2019 Book